German History Revision - 7 - Statistics

General Stats
  • This quiz has been taken 14 times
  • The average score is 7 of 20
Answer Stats
Question Answer % Correct
What was the largest and most popular alternative youth group? Edelweiss Pirates
100%
What youth resistance group did Hans and Sophie Schull lead? The White Rose Movement
100%
What is the July Bomb Plot, which was led by Claus von Stauffenberg led and occured in July 20 1944, and came the closest to killing Hitler of any plot, officially known as? Operation Valkyrie
83%
What percentage of Protestant priests were arrested by the Nazis, considering 40% of Catholic priests were arrested? 50%
67%
What percentage of Polish jews were executed as a part of the Holocast? 90%
67%
What percentage of total housing was estimated to be destroyed at the hands of the Allied bombing raids? 20%
50%
Who was appointed to be the leader of a Central Planning Board to co-ordinate economic organisation and was crucial in bolstering Germany's wartime production? He was appointed in February 1942. Albert Speer
50%
Of this, how many people were killed? 500,000
33%
How much did productivity per worker increase by in munitions? 60%
33%
What was the abrieviation given to the SPD in exile? SOPADE
33%
What percentage of Germany's workforce were foreign (and often forced) workers who were prone to sabotage? 21%
17%
By 1941, how much of the workforce was involved in war-related projects? 55%
17%
How much did total military production rise by between 1942 and 1944? 59%
17%
Who resigned in August 1938, and led many of the behind-the-scenes opposition to Hitler? Ludwig von Beck
17%
How many people were killed per month between July 1944 and January 1945? 13,536
0%
How many civilians are estimated to have died at the hands of Allied air raids? 410,000
0%
How many people were arrested for active opposition? 800,000
0%
In response to this plot, how many people were executed? Over 5,000
0%
What was the German name for The People's Home Guard? They were an organisation set up in 1944 and its aim was to raise the German spirits. The members were inexperienced and untrained and mostly performed civilian duties. Volksstrum
0%
What was the conference called that occured on the 20 January 1942? It agreed that a mass extermination of the Jews was the most effective response to the Jewish question. Wannsse Conference
0%
No matching quizzes found
Score Distribution
Percent of People with Each Score
Percentile by Number Answered
Your Score History
You have not taken this quiz